000 00292nam a22001337a 4500
020 _a1-8442-2031-1
082 _a823
_bDIS/O
100 _aDISNEY, WALT
245 _a101 DALMATIANS
260 _aENGLISH SHORT STORY
_bLONDON
300 _a43
650 _aENGLISH SHORT STORY
_zUK
942 _cBK
999 _c3765
_d3765